[Event "Arctic Chess Challenge"]
[Site "Tromsoe"]
[Date "2007.08.04"]
[Round "1"]
[White "Lahlum, Ida"]
[Black "Suarez Pousa, Diego"]
[Result "0-1"]
[WhiteElo "1841"]
[BlackElo "2418"]
[PlyCount "134"]
[EventDate "2007.08.04"]
[EventType "swiss"]
[EventRounds "9"]
[EventCountry "NOR"]
[SourceTitle "CBM 119 Extra"]
[Source "ChessBase"]
[SourceDate "2007.09.04"]
[SourceVersion "1"]
[SourceVersionDate "2007.09.04"]
[SourceQuality "1"]

1. d4 Nf6 2. c4 e6 3. Nc3 Bb4 4. Qc2 c5 5. Nf3 Nc6 6. dxc5 Bxc5 7. Bg5 h6 8. Bh4 g5 9. Bg3 g4 10. Ne5 Nd4 11. Qd2 Nf5 12. e3 Bb4 13. Qc2 Bxc3+ 14. Qxc3 Ne4 15. Qb4 Nfxg3 16. hxg3 Qg5 17. Nd3 b6 18. Nf4 Bb7 19. Bd3 Nf6 20. Qd6 Rc8 21. Ke2 Qc5 22. Qd4 e5 23. Qxc5 Rxc5 24. b4 exf4 25. bxc5 f3+ 26. gxf3 Bxf3+ 27. Kd2 Bxh1 28. Rxh1 bxc5 29. Rb1 Ke7 30. Rb7 Ra8 31. e4 Kd6 32. Ke3 Kc6 33. Rb1 d6 34. Kf4 Re8 35. Kf5 Nd7 36. Bc2 Kc7 37. Ba4 Re5+ 38. Kf4 Nf6 39. Bc2 Rh5 40. Rf1 Re5 41. Re1 a6 42. Rh1 h5 43. a4 Re8 44. Rb1 Nd7 45. Bd3 Ne5 46. Bf1 Nf3 47. Rb2 Nd4 48. Bd3 Nc6 49. Kg5 Ne5 50. Be2 Nd7 51. Bd3 f6+ 52. Kf4 Rh8 53. Kf5 h4 54. gxh4 Rxh4 55. Be2 Ne5 56. Kxf6 Rh2 57. Rd2 Rxf2+ 58. Ke6 Nf3 59. Rxd6 Ng5+ 60. Kd5 Rxe2 61. Rxa6 g3 62. Rg6 Nxe4 63. a5 Kb7 64. Rb6+ Ka7 65. Rg6 g2 66. a6 Nd2 67. Kxc5 Nf3 0-1

[Event "ESP-chT Autonomicas"]
[Site "Padron"]
[Date "2006.10.07"]
[Round "4.2"]
[White "Suarez Pousa, Diego"]
[Black "Fernandez Garcia, Miguel Angel"]
[Result "1-0"]
[WhiteElo "2394"]
[BlackElo "2304"]
[PlyCount "77"]
[EventDate "2006.10.05"]
[EventType "team-swiss"]
[EventRounds "6"]
[EventCountry "ESP"]
[SourceTitle "EXT 2018"]
[Source "ChessBase"]
[SourceDate "2017.10.13"]
[SourceVersion "1"]
[SourceVersionDate "2017.10.13"]
[SourceQuality "1"]
[WhiteTeam "Galicia"]
[BlackTeam "Madrid"]
[WhiteTeamCountry "ESP"]
[BlackTeamCountry "ESP"]

1. e4 c5 2. Nc3 Nc6 3. Nf3 e5 4. Bc4 Be7 5. d3 d6 6. Ne2 Nf6 7. Ng3 0-0 8. c3 Rb8 9. 0-0 b5 10. Bb3 Be6 11. d4 c4 12. Bc2 Bg4 13. d5 Na5 14. b4 Nb7 15. a4 a6 16. axb5 axb5 17. h3 Bxf3 18. Qxf3 Nd7 19. Nf5 g6 20. Bh6 Bg5 21. Bxf8 gxf5 22. h4 Bf4 23. g3 Kxf8 24. gxf4 Qxh4 25. Qg3 Qh6 26. Qg5 Qxg5+ 27. fxg5 f4 28. Ra7 Ke7 29. Kg2 Kd8 30. Rh1 Kc7 31. Rxh7 Kb6 32. Rxb7+ Kxb7 33. Rxf7 Kc7 34. Bd1 Rf8 35. Rh7 Kd8 36. Bg4 Nb6 37. Be6 Nc8 38. Rd7+ Ke8 39. Rb7 1-0

[Event "ESP-chT Autonomicas"]
[Site "Padron"]
[Date "2006.10.06"]
[Round "3.1"]
[White "Narciso Dublan, Marc"]
[Black "Suarez Pousa, Diego"]
[Result "1/2-1/2"]
[WhiteElo "2511"]
[BlackElo "2394"]
[PlyCount "47"]
[EventDate "2006.10.05"]
[EventType "team-swiss"]
[EventRounds "6"]
[EventCountry "ESP"]
[SourceTitle "EXT 2018"]
[Source "ChessBase"]
[SourceDate "2017.10.13"]
[SourceVersion "1"]
[SourceVersionDate "2017.10.13"]
[SourceQuality "1"]
[WhiteTeam "Catalunya"]
[BlackTeam "Galicia"]
[WhiteTeamCountry "ESP"]
[BlackTeamCountry "ESP"]

1. e4 e5 2. Nf3 Nc6 3. d4 exd4 4. Nxd4 Bc5 5. Be3 Bb6 6. Nc3 Nge7 7. Qd2 d6 8. 0-0-0 0-0 9. h4 Re8 10. h5 Nxd4 11. Bxd4 h6 12. Be2 Bxd4 13. Qxd4 Nc6 14. Qd2 f5 15. exf5 Bxf5 16. g4 Bh7 17. Rhg1 Kh8 18. f4 d5 19. Bb5 a6 20. Bxc6 bxc6 21. g5 Qd6 22. gxh6 Qxh6 23. Rg5 Qf6 24. Rdg1 1/2-1/2

[Event "Mondariz op 4th"]
[Site "Mondariz"]
[Date "2006.08.28"]
[Round "7.1"]
[White "Suarez Pousa, Diego"]
[Black "Reinaldo Castineira, Roi"]
[Result "1-0"]
[WhiteElo "2377"]
[BlackElo "2450"]
[PlyCount "105"]
[EventDate "2006.08.22"]
[EventType "swiss"]
[EventRounds "9"]
[EventCountry "ESP"]
[SourceTitle "EXT 2007"]
[Source "ChessBase"]
[SourceDate "2006.11.23"]
[SourceVersion "1"]
[SourceVersionDate "2006.11.23"]
[SourceQuality "1"]

1. e4 c5 2. Nc3 e6 3. Nf3 a6 4. d4 cxd4 5. Nxd4 Qc7 6. Bd3 Nf6 7. f4 Bb4 8. Bd2 Bxc3 9. bxc3 d6 10. g4 e5 11. fxe5 dxe5 12. Nf5 Bxf5 13. gxf5 Nbd7 14. Rb1 Nc5 15. Qe2 0-0-0 16. Rb4 Rd6 17. 0-0 Rhd8 18. Be3 Nfd7 19. Rfb1 g6 20. f6 g5 21. Kh1 h6 22. Bc4 Nxe4 23. Qg4 Qc6 24. Kg1 h5 25. Qxh5 Nxc3 26. Bxf7 Nxf6 27. Qh3+ g4 28. Rxg4 Kb8 29. Rc4 Qxc4 30. Bxc4 Nxb1 31. Qf5 Nd7 32. Be6 Rf8 33. Qg4 Nf6 34. Qb4 Rfd8 35. Bb6 Rd1+ 36. Kg2 R1d2+ 37. Kf3 R8d6 38. Qc5 e4+ 39. Ke3 Rxb6 40. Qxb6 Rd1 41. Qb4 Rf1 42. Bc4 Rf3+ 43. Kd4 Na3 44. Qf8+ Ka7 45. Qc5+ Kb8 46. Be2 Nd7 47. Qe7 Nxc2+ 48. Kd5 Nb6+ 49. Kc5 Na4+ 50. Kd6 Nd4 51. Qe8+ Ka7 52. Qxa4 Nxe2 53. Qxe4 1-0

[Event "Mondariz op 4th"]
[Site "Mondariz"]
[Date "2006.08.27"]
[Round "6.2"]
[White "Sanchez Juncal, Benito"]
[Black "Suarez Pousa, Diego"]
[Result "0-1"]
[WhiteElo "2202"]
[BlackElo "2377"]
[PlyCount "138"]
[EventDate "2006.08.22"]
[EventType "swiss"]
[EventRounds "9"]
[EventCountry "ESP"]
[SourceTitle "EXT 2007"]
[Source "ChessBase"]
[SourceDate "2006.11.23"]
[SourceVersion "1"]
[SourceVersionDate "2006.11.23"]
[SourceQuality "1"]

1. d4 Nf6 2. c4 e6 3. Nc3 Bb4 4. e3 c5 5. a3 Bxc3+ 6. bxc3 0-0 7. Bd3 Nc6 8. Ne2 d6 9. e4 e5 10. d5 Ne7 11. f3 Ne8 12. g4 g6 13. Bh6 Ng7 14. Qd2 f5 15. 0-0-0 fxg4 16. f4 Kh8 17. Rdf1 Ng8 18. fxe5 Nxh6 19. Qxh6 dxe5 20. Rxf8+ Qxf8 21. Qg5 Qe8 22. Qf6 Bd7 23. Rf1 Kg8 24. Qd6 b6 25. Ng3 Rd8 26. Qf6 Rb8 27. Qd6 Rb7 28. Rf2 Ba4 29. Rf1 Qe7 30. Qxe7 Rxe7 31. Be2 Bd7 32. Nh1 Ne8 33. Rg1 Rf7 34. Kd2 Rf4 35. Ke3 Kf7 36. Nf2 Nd6 37. a4 h5 38. Ra1 h4 39. Rg1 a5 40. Bxg4 Nxc4+ 41. Ke2 Bxg4+ 42. Rxg4 Kf6 43. Rxf4+ exf4 44. Ng4+ Ke7 45. Kd3 Nb2+ 46. Kc2 Nxa4 47. c4 b5 48. Ne5 Nb6 49. cxb5 g5 50. h3 a4 51. Kc3 Kf6 52. Nf3 Kg6 53. Ne5+ Kf6 54. Nf3 Kg6 55. Ne5+ Kg7 56. d6 Kf6 57. d7 Ke7 58. d8Q+ Kxd8 59. Nf7+ Ke7 60. Nxg5 Kf6 61. Nf3 Ke6 62. Nxh4 Ke5 63. Nf3+ Kxe4 64. Ng5+ Ke5 65. Nf3+ Kf5 66. Kc2 c4 67. Kb2 Ke4 68. Ng5+ Kd3 69. h4 c3+ 0-1

[Event "Mondariz op 4th"]
[Site "Mondariz"]
[Date "2006.08.24"]
[Round "3.8"]
[White "Suarez Pousa, Diego"]
[Black "Fernandez de Armas, Luis"]
[Result "1-0"]
[WhiteElo "2377"]
[BlackElo "2089"]
[PlyCount "55"]
[EventDate "2006.08.22"]
[EventType "swiss"]
[EventRounds "9"]
[EventCountry "ESP"]
[SourceTitle "EXT 2007"]
[Source "ChessBase"]
[SourceDate "2006.11.23"]
[SourceVersion "1"]
[SourceVersionDate "2006.11.23"]
[SourceQuality "1"]

1. e4 d6 2. d4 Nf6 3. Nc3 e5 4. Nf3 Nbd7 5. Bc4 Be7 6. 0-0 0-0 7. a4 a5 8. Re1 c6 9. h3 Qc7 10. dxe5 dxe5 11. Nh4 g6 12. Bh6 Re8 13. Qc1 Nh5 14. Nf3 Nf4 15. Bxf4 exf4 16. e5 Nb6 17. Bd3 Be6 18. Qxf4 Nd5 19. Nxd5 Bxd5 20. Ng5 f6 21. Nxh7 Kxh7 22. Qh4+ Kg7 23. Qg4 g5 24. Qf5 Rg8 25. exf6+ Bxf6 26. Qg6+ Kf8 27. Qxf6+ Bf7 28. Re5 1-0

[Event "ESP-chT1a Norte"]
[Site "Barcelona"]
[Date "2006.08.19"]
[Round "5.11"]
[White "Munoz Perez, Ivan"]
[Black "Suarez Pousa, Diego"]
[Result "0-1"]
[WhiteElo "2287"]
[BlackElo "2377"]
[PlyCount "72"]
[EventDate "2006.08.16"]
[EventType "team"]
[EventRounds "6"]
[EventCountry "ESP"]
[SourceTitle "EXT 2007"]
[Source "ChessBase"]
[SourceDate "2006.11.23"]
[SourceVersion "1"]
[SourceVersionDate "2006.11.23"]
[SourceQuality "1"]

1. e4 e5 2. Nf3 Nc6 3. Bc4 Bc5 4. d3 d6 5. c3 Nf6 6. Nbd2 0-0 7. 0-0 Kh8 8. h3 Ng8 9. Nb3 Bb6 10. Ng5 Qe7 11. Qh5 Nh6 12. Nf3 f5 13. Bg5 Qe8 14. Qxe8 Rxe8 15. Bxh6 gxh6 16. Nh2 Ne7 17. Rae1 c6 18. Bf7 Rf8 19. Bh5 Ng6 20. Bxg6 hxg6 21. Nd2 Bd7 22. Re2 Rf7 23. g4 fxg4 24. hxg4 Rf4 25. Nc4 Bxg4 26. Nxg4 Rxg4+ 27. Kh2 Bc7 28. Ne3 Rg5 29. Ng2 Rf8 30. Re3 Bb6 31. Rh3 Rxf2 32. Rxf2 Bxf2 33. Rxh6+ Kg7 34. Rh3 Rh5 35. Rxh5 gxh5 36. Kh3 c5 0-1